| 000 | 00959nam a2200277 a 4500 | ||
|---|---|---|---|
| 001 | 000034808 | ||
| 005 | 20260327132519.0 | ||
| 008 | 111020s1974 mx 000 0 spa d | ||
| 040 |
_aDO-SdBNP _bspa _cBNPHU |
||
| 082 |
_a193 _bM392i, 1979 |
||
| 100 | 1 |
_aMarx, Carlos, _d1818-1883 _95975 |
|
| 245 | 1 | 3 |
_aLa ideología alemana / _cCarlos Marx, Federico Engels. |
| 260 |
_aMéxico : _bEdiciones de cultura popular, _c1974. |
||
| 300 |
_a664 p. ; _c20 cm. |
||
| 490 | 1 | _aBiblioteca marxista | |
| 500 | _aIncluye referencias bibliográficas y notas al pie de las páginas. | ||
| 650 | 4 |
_aFeuerbach, ludwing andreas, _d1804-1872 _960320 |
|
| 650 | 4 |
_aFilosofía alemana _960305 |
|
| 650 | 4 |
_aMaterialismo dialéctico _9845 |
|
| 650 | 0 |
_aIdealismo _960321 |
|
| 650 | 0 |
_aSocialismo _9287 |
|
| 650 | 4 |
_aComunismo _92880 |
|
| 700 | 2 |
_aEngels, Federico, _d1820-1895 _960043 |
|
| 830 | 0 |
_aBiblioteca marxista _960322 |
|
| 910 | _aValidado. Control de calidad MMOLINA | ||
| 999 |
_c34299 _d34299 |
||